Las áreas de investigación y los cuerpos académicos : las tensiones y efectos entre dos espacios de organización de la investigación en la UAM (Record no. 145955)

MARC details
000 -CABECERA
campo de control de longitud fija 00626nab a2200193 a 4500
005 - FECHA Y HORA DE LA ÚLTIMA TRANSACCIÓN
campo de control 20210219160845.0
008 - ELEMENTOS DE LONGITUD FIJA--INFORMACIÓN GENERAL
campo de control de longitud fija 991125s1985 mx 000 0 spa u
035 ## - NÚMERO DE CONTROL DEL SISTEMA
Número de control de sistema UPN01000173851
100 1# - ASIENTO PRINCIPAL--NOMBRE PERSONAL
Nombre de persona De Garay Sánchez, Adrián
222 ## - TÍTULO CLAVE
Título clave REENCUENTRO :
222 ## - TÍTULO CLAVE
Información calificativa ANALISIS DE PROBLEMAS UNIVERSITARIOS
245 ## - MENCIÓN DE TÍTULO
Título Las áreas de investigación y los cuerpos académicos : las tensiones y efectos entre dos espacios de organización de la investigación en la UAM
260 ## - PUBLICACIÓN, DISTRIBUCIÓN, ETC.
Lugar de publicación, distribución, etc. México
300 ## - DESCRIPCIÓN FÍSICA
Extensión 18-23
362 0# - FECHAS DE PUBLICACIÓN Y/O DESIGNACIÓN SECUENCIAL
Fecha de publicación y/o designación secuencial 2009 No. 55, ago.
653 0# - TERMINO DE INDIZACION - NO CONTROLADO
Término no controlado INVESTIGACION CIENTIFICA
653 0# - TERMINO DE INDIZACION - NO CONTROLADO
Término no controlado UAM
905 ## - TIPO DE MATERIAL
Tipo de material Articulo

No items available.